Internet of Things: A Hands-on Approach (Record no. 2074)
[ view plain ]
| 000 -LEADER | |
|---|---|
| fixed length control field | 00313nam a2200133Ia 4500 |
| 008 - FIXED-LENGTH DATA ELEMENTS--GENERAL INFORMATION | |
| fixed length control field | 230523s9999 xx 000 0 und d |
| 100 ## - MAIN ENTRY--PERSONAL NAME | |
| Main Author Name | Bahga, Arshdeep |
| 245 #0 - TITLE STATEMENT | |
| Title | Internet of Things: A Hands-on Approach |
| 260 ## - PUBLICATION, DISTRIBUTION, ETC. | |
| Place of publication | Hyderabad |
| 260 ## - PUBLICATION, DISTRIBUTION, ETC. | |
| publisher Name | University Press |
| 260 ## - PUBLICATION, DISTRIBUTION, ETC. | |
| Date of publication | 2020 |
| 300 ## - PHYSICAL DESCRIPTION | |
| Number Of Page | 520 |
| 942 ## - ADDED ENTRY ELEMENTS (KOHA) | |
| Koha item type | Reference Book |
| Lost status | Not for loan | Home library | Current library | Date last seen | Koha item type | School | Total Checkouts | Barcode | Cost, replacement price | Price effective from | Withdrawn status | Date acquired | Source of acquisition | Cost, normal purchase price | Discount | Bill Date | Bill No | Net Amount |
|---|---|---|---|---|---|---|---|---|---|---|---|---|---|---|---|---|---|---|
| BGU Central Library | BGU Central Library | 23/05/2023 | Reference Book | School of Applied Sciences | 11662 | 740.00 | 23/05/2023 | 21/07/2022 | Amazon (Online) | 740.00 | 2022-07-14 | 561 | 740.00 |

2cqr automation private limited, Chennai. All Rights Reserved.